Statistics for 10 Biggest Car Companies

Click here to take the quiz!

General Stats

  • This quiz has been taken 123 times
  • The average score is 6 of 10

Answer Stats

Yearly Revenue (billions)Car Company% Correct
$248.6Toyota
92%
$130.4Ford
87%
$120.7Honda
83%
$247.4Volkswagen
79%
$115.8General Motors
74%
$85.4Hyundai
70%
$80.2Nissan
57%
$98.8Fiat Chrysler
33%
$174.6Daimler
20%
$116.7Bayerische Motoren Werke
1%

Score Distribution

Percentile by Number Answered

Percent of People with Each Score

Your Score History

You have not taken this quiz